Human resources management and human relations (Record no. 101925)
[ view plain ]
| 000 -LEADER | |
|---|---|
| fixed length control field | 00602nam a2200229Ia 4500 |
| 003 - CONTROL NUMBER IDENTIFIER | |
| control field | OSt |
| 005 - DATE AND TIME OF LATEST TRANSACTION | |
| control field | 20230211103131.0 |
| 008 - FIXED-LENGTH DATA ELEMENTS--GENERAL INFORMATION | |
| fixed length control field | 210210b1998 xxu||||| |||| 00| 0 eng d |
| 020 ## - INTERNATIONAL STANDARD BOOK NUMBER | |
| International Standard Book Number | 81 7493 489 8 |
| 040 ## - CATALOGING SOURCE | |
| Transcribing agency | AL |
| 041 ## - LANGUAGE CODE | |
| Language code of text/sound track or separate title | English |
| 082 ## - DEWEY DECIMAL CLASSIFICATION NUMBER | |
| Classification number | 658.3 MICH |
| 100 ## - MAIN ENTRY--PERSONAL NAME | |
| Personal name | MICHAEL (V P). |
| 9 (RLIN) | 71960 |
| 245 ## - TITLE STATEMENT | |
| Title | Human resources management and human relations |
| 250 ## - EDITION STATEMENT | |
| Edition statement | 2 |
| 260 ## - PUBLICATION, DISTRIBUTION, ETC. | |
| Place of publication, distribution, etc. | Delhi |
| Name of publisher, distributor, etc. | Himalaya Publishing House |
| Date of publication, distribution, etc. | 1998 |
| 300 ## - PHYSICAL DESCRIPTION | |
| Extent | x,731 |
| 650 ## - SUBJECT ADDED ENTRY--TOPICAL TERM | |
| Topical term or geographic name entry element | Human Resources Management, Relations |
| 9 (RLIN) | 71961 |
| 690 ## - LOCAL SUBJECT ADDED ENTRY--TOPICAL TERM (OCLC, RLIN) | |
| Topical term or geographic name as entry element | Personnel Management |
| 9 (RLIN) | 71962 |
| 906 ## - LOCAL DATA ELEMENT F, LDF (RLIN) | |
| a | 054151 |
| 942 ## - ADDED ENTRY ELEMENTS (KOHA) | |
| Source of classification or shelving scheme | Dewey Decimal Classification |
| Koha item type | Book |
| Withdrawn status | Lost status | Source of classification or shelving scheme | Damaged status | Not for loan | Collection code | Home library | Current library | Date acquired | Cost, normal purchase price | Total Checkouts | Full call number | Barcode | Date last seen | Price effective from | Koha item type |
|---|---|---|---|---|---|---|---|---|---|---|---|---|---|---|---|
| Dewey Decimal Classification | Management | St Aloysius Library | St Aloysius Library | 02/17/2021 | 160.00 | 658.3 MICH | 052462 | 02/17/2021 | 02/17/2021 | Book | |||||
| Dewey Decimal Classification | Management | St Aloysius Library | St Aloysius Library | 02/17/2021 | 160.00 | 658.3 MICH | 052461 | 02/17/2021 | 02/17/2021 | Book | |||||
| Dewey Decimal Classification | Management | St Aloysius Library | St Aloysius Library | 02/17/2021 | 175.00 | 658.3 MICH | 054151 | 02/17/2021 | 02/17/2021 | Book | |||||
| Dewey Decimal Classification | Management | St Aloysius Library | St Aloysius Library | 08/01/1998 | 175.00 | 658.3 MICH | D01466 | 07/19/2021 | 07/19/2021 | Donated Books | |||||
| Dewey Decimal Classification | Management | St Aloysius Library | St Aloysius Library | 08/01/1998 | 175.00 | 658.3 MICH | D01467 | 07/19/2021 | 07/19/2021 | Donated Books |